Beneš, Edvard. The fall and rise of a nation. - Boulder, Colo. [u.a.]
| Titel: | Beneš, Edvard. The fall and rise of a nation. - Boulder, Colo. [u.a.] : East European Monographs [u.a.]. - 2004 [Rezension] |
|---|---|
| Verfasser: | |
| In: |
Revue historique, Band 129, Heft 633 (2005), Seite 236-237 alle Artikel anzeigen |
| Veröffentlicht: | 2005 |
| Format: | Aufsatz |
| Sprache: | Englisch |
X
alg: 39524092
001A $01999:12-11-16
001B $01999:09-08-21 $t17:44:39.000
001D $01999:12-11-16
001U $0utf8
001X $00
002@ $0Aox
003@ $0395240921
007A $0395240921 $aHEB
007T $0Herdp31206
010@ $aeng
011@ $a2005
021A $aBeneš, Edvard. The @fall and rise of a nation. - Boulder, Colo. {[u.a.] $dEast European Monographs {[u.a.]. - 2004 [Rezension]
028A $BVerfasser $4aut $71159718563 $8Soubigou, Alain$Z1965- [Tp3] $9431474036
031A $d129 $e633 $h236-237 $j2005
039B $aIn $8--Abvc--. Revue historique. - Paris : Presses Univ. de France, 1876-. - ISSN 0035-3264 $x200500001290633764 $9047310693
039T $8--Aax--Beneš, Edvard. The @fall and rise of a nation. - Boulder, Colo. {[u.a.] : East European Monographs {[u.a.], 2004. - xxvii, 190 p.. - ISBN 0-88033-535-1 $9348965478
045F $a900.94371 $eDDC23BSB
045F/01 $a900
045F/03 $g4371
045T $a8
lok: 39524092 78
exp: 39524092 78 1 #EPN
201B/01 $026-11-17 $t04:24:01.000
201U/01 $0utf8
203@/01 $0791578933
208@/01 $a12-11-16 $be
209A/01 $a/ $f000 $x00
220C/01 $aHerkunft: Hú Av Čr Praha
244Z/01 $#Tschechien $#Tschechische Republik $#Tschechische Republik $#Tschechenland $#Tschechei Tschechien $#Česká Republika $#Czech Republic $#ČR $74303381-7 $8--Tg1--Tschechien $x01 $9086659812
244Z/01 $2Trx $#Böhmen $#Bohemia $#Czechy $8--Trx--Čechy $x02 $9391188941
244Z/01 $2Trx $#arvustused $#recenzijos $#Reviews $#recenziók $#recenzje $#recenzie $#recenze $8--Trx--Rezensionen $x03 $9391357441
247C/01 $82080>Marburg/Lahn, Herder-Institut, Forschungsbibliothek, Bibliographieportal $9336309341
| LEADER | 00000caa a22000002c 4500 | ||
|---|---|---|---|
| 001 | 395240921 | ||
| 003 | DE-603 | ||
| 005 | 20210809174439.0 | ||
| 007 | tu | ||
| 008 | 161112s2005 xx |||| | u00||u|eng c | ||
| 035 | |a (DE-599)HEB395240921 | ||
| 040 | |a DE-603 |b ger |c DE-603 |d DE-603 | ||
| 041 | |a eng | ||
| 082 | 0 | 4 | |8 1\u |a 900.94371 |q DE-101 |2 23/BSB |
| 084 | |a 8 |2 ssgn | ||
| 085 | |8 1\u |b 900 | ||
| 085 | |8 1\u |z 2 |s 4371 | ||
| 100 | 1 | |a Soubigou, Alain |d 1965- |e Verfasser |4 aut |0 (DE-603)431474036 |0 (DE-588)1159718563 |2 gnd | |
| 245 | 0 | 0 | |a Beneš, Edvard. The fall and rise of a nation. - Boulder, Colo. [u.a.] |b East European Monographs [u.a.]. - 2004 [Rezension] |
| 264 | 0 | |c 2005 | |
| 773 | 0 | 8 | |i In |t Revue historique |d Paris : Presses Univ. de France, 1876- |x 0035-3264 |g Band 129, Heft 633 (2005), Seite 236-237 |w (DE-603)047310693 |w (DE-600)209825-8 |
| 787 | 0 | 8 | |i Rezension von |a Beneš, Edvard, 1884-1948 |t The fall and rise of a nation |d Boulder, Colo. [u.a.] : East European Monographs [u.a.], 2004 |h xxvii, 190 p. |z 0880335351 |w (DE-603)348965478 |
| 924 | 0 | |9 2080 |a (DE-603)791578933 |b DE-2080 |c HES |d d |g / | |


